[Event "WC-2019-Q-00001"]
[Site "LSS email"]
[Date "2019.08.28"]
[Round "?"]
[White "Nowak, Adam"]
[Black "Fritsche, Frank"]
[Result "1/2-1/2"]
[WhiteElo "2273"]
[BlackElo "2362"]
[PlyCount "79"]
[EventDate "2019.09.01"]
[EventType "tourn (corr)"]
[EventRounds "12"]
[EventCountry "GER"]
[SourceTitle "Corr 2022"]
[Source "ChessBase"]
[SourceDate "2021.10.24"]
[SourceVersion "1"]
[SourceVersionDate "2021.10.24"]
[SourceQuality "1"]

1. d4 Nf6 2. c4 g6 3. Nc3 Bg7 4. e4 d6 5. h3 0-0 6. Nf3 e5 7. d5 a5 8. Be3 Na6 9. g4 Nd7 10. a3 Nb6 11. Bd3 Bd7 12. Nd2 Bf6 13. Qf3 Bg5 14. b3 Bxe3 15. Qxe3 Nc5 16. 0-0-0 Nxd3+ 17. Qxd3 Be8 18. h4 Nd7 19. Kb2 Nc5 20. Qe3 Rb8 21. h5 g5 22. h6 f6 23. Ka2 c6 24. Rb1 b5 25. dxc6 Bxc6 26. Nxb5 Bxb5 27. cxb5 Rxb5 28. Rhc1 Qd7 29. Qe2 Rfb8 30. Rc3 Kf8 31. f3 Ne6 32. Qd3 Nf4 33. Qf1 Ne6 34. Rbc1 Nc5 35. Rb1 Ke7 36. Nc4 Na4 37. Rd3 Nc5 38. Rc3 Na4 39. Rd3 Nc5 40. Rc3 1/2-1/2